Jen pro ten dnešní den 1937-1945 /

Hlavní autor: Nový, Oldřich, 1899-1983
Další autoři: Titzl, Stanislav, 1929-1990
Jazyk: Čeština
Vydáno: Praha : Ultraphon, p1993
Témata:
Fyzický popis: 1 CD ; 12 cm + 1 brožura [8 s.].
Zvukové nahrávky
Uloženo v:
LEADER 01758njm a2200481 a 4500
001 000266583
003 CZ BrMZK
005 19950101143423.0
008 950101s1993 xr f cze d
028 0 3 |a 11 0535-2 301  |b Ultraphon 
040 |a BOA001  |b cze 
080 |a 78.04:791.43(086.7)  |2 MRF 
080 |a 784.4"19"(086.7)  |2 MRF 
100 1 |a Nový, Oldřich,  |d 1899-1983  |7 jk01090815  |4 prf 
245 1 0 |a Jen pro ten dnešní den  |h [zvukový záznam] :  |b 1937-1945 /  |c Oldřich Nový ; [výběr a sestava Stanislav Titzl]. 
246 3 3 |a Proč obraz tvůj 
246 3 3 |a Proč se píší básně jenom na nevěsty 
246 3 3 |a Píseň flegmatika 
246 3 3 |a Vy jste nejhezčí ze všech dam 
246 3 3 |a Škoda, že nejste kouzelníkem 
246 3 3 |a Žena když řekne ne 
246 3 3 |a Bílé ruce 
246 3 3 |a Chtěj se vzdát 
246 3 3 |a Jen pro ten dnešní den 
246 3 3 |a Krb domácí 
246 3 3 |a Moje roztomilá paní 
246 3 3 |a Mé děvče má svůj doktorát za pultem 
246 3 3 |a Neříkej žádné ženě o srdce 
246 3 3 |a Náměsíčník 
246 3 3 |a Oči čokoládové 
246 3 3 |a Políbit ruku vám a říci děkuji 
260 |a Praha :  |b Ultraphon,  |c p1993 
300 |a 1 CD ;  |c 12 cm +  |e 1 brožura [8 s.]. 
500 |a Nahr. 1937-46 
500 |a Durata neuv 
505 2 |a Bílé ruce, Chtěj se vzdát, Jen pro ten dnešní den ... [et al.] 
653 0 |a filmové písně  |a populární písně 
700 1 |a Titzl, Stanislav,  |d 1929-1990  |7 jk01132523  |4 com 
910 |a BOA001  |b CD-0001.692 
964 |a Hudba filmová  |x CD 
964 |a Hudba populární  |z stol.20.,pol.1.  |x CD 
990 |a AV 
996 6 |b 261H001724  |c CD-0001.692  |l MZK  |r Sklad / do 24 hodin  |n 1  |w 000266583  |u 000010  |a 1  |e BOA001  |j MZK50  |s P